[Event "Kazakhstan Chess Cup 2023"]
[Site "Astana KAZ"]
[Date "2023.04.29"]
[Round "8.2"]
[White "Goganov, Aleksey"]
[Black "Moiseenko, Alexander"]
[Result "1/2-1/2"]
[WhiteTitle "GM"]
[BlackTitle "GM"]
[WhiteElo "2525"]
[BlackElo "2573"]
[WhiteFideId "24109959"]
[BlackFideId "14102560"]
[EventDate "2023.04.23"]

1. e4 c5 2. Nf3 e6 3. d4 cxd4 4. Nxd4 Nf6 5. Nc3 Nc6 6. Ndb5 d6 7. Bf4 e5 8. Bg5
a6 9. Na3 b5 10. Nd5 Be7 11. Bxf6 Bxf6 12. c3 Bg5 13. Nc2 Ne7 14. Ncb4 O-O 15.
a4 bxa4 16. Rxa4 a5 17. Nxe7+ Bxe7 18. Nd5 Bd7 19. Ra2 Bg5 20. h4 Bh6 21. Bc4
Kh8 22. Qe2 a4 23. g3 Rb8 24. O-O g6 25. Rb1 f5 26. exf5 gxf5 27. b4 Qe8 28. b5
f4 29. Bd3 fxg3 30. fxg3 e4 31. Qxe4 Qxe4 32. Bxe4 Rxb5 33. Rxb5 Bxb5 34. c4
Bxc4 1/2-1/2

[Event "Kazakhstan Chess Cup 2023"]
[Site "Astana KAZ"]
[Date "2023.04.29"]
[Round "8.3"]
[White "Ansat, Aldiyar"]
[Black "Sethuraman, S.P."]
[Result "1-0"]
[WhiteTitle "IM"]
[BlackTitle "GM"]
[WhiteElo "2317"]
[BlackElo "2639"]
[WhiteFideId "13715658"]
[BlackFideId "5021596"]
[EventDate "2023.04.23"]

1. e4 c5 2. Nf3 d6 3. d4 cxd4 4. Nxd4 Nf6 5. Nc3 Nc6 6. Bg5 e6 7. Qd2 a6 8.
O-O-O Be7 9. f3 Nxd4 10. Qxd4 Qc7 11. Be3 h5 12. a3 Bd7 13. Be2 Bc6 14. f4 b5
15. Kb1 Rb8 16. Bf3 b4 17. axb4 O-O 18. e5 dxe5 19. Qxe5 Qxe5 20. fxe5 Ng4 21.
Bxg4 hxg4 22. Bc5 Bxc5 23. bxc5 Bxg2 24. Rhg1 Bf3 25. Rd4 Rfd8 26. Rc4 Rdc8 27.
Na4 a5 28. c3 Kf8 29. Rd4 Ke7 30. Nb6 Rc7 31. b4 Rh8 32. Rd2 f5 33. exf6+ gxf6
34. Kb2 f5 35. Kb3 f4 36. Re1 axb4 37. cxb4 Rh5 38. Rd4 Rf5 39. Rd6 Rf6 40. Nc4
Rc6 41. Rd4 Rc7 42. Rg1 Rf5 43. Nd6 Rf8 44. Nc4 Be2 45. Ne5 Rf6 46. Nxg4 Bxg4
47. Rxg4 e5 48. Rg7+ Rf7 49. Rxf7+ Kxf7 50. Rd1 Ke6 51. Kc4 e4 52. b5 f3 53. b6
Rd7 54. Rb1 f2 55. c6 Rd2 56. b7 Rb2 57. c7 Rxb1 58. c8=Q+ Ke7 59. Qc5+ Ke6 60.
Qxf2 Rxb7 61. Qf4 1-0

[Event "Kazakhstan Chess Cup 2023"]
[Site "Astana KAZ"]
[Date "2023.04.29"]
[Round "8.4"]
[White "Nabaty, Tamir"]
[Black "Kovalev, Vladislav"]
[Result "1/2-1/2"]
[WhiteTitle "GM"]
[BlackTitle "GM"]
[WhiteElo "2645"]
[BlackElo "2612"]
[WhiteFideId "2809052"]
[BlackFideId "13504398"]
[EventDate "2023.04.23"]

1. d4 Nf6 2. c4 g6 3. g3 Bg7 4. Bg2 O-O 5. Nc3 d6 6. Nf3 Nc6 7. O-O e5 8. dxe5
Nxe5 9. b3 Nxf3+ 10. Bxf3 Ne4 11. Nxe4 Bxa1 12. Bg5 f6 13. Bh6 Be5 14. Bxf8 Qxf8
15. Qd2 f5 16. Nc5 c6 17. Nd3 Bf6 18. b4 a6 19. b5 axb5 20. cxb5 c5 21. Nf4 Be5
22. Bd5+ Kh8 23. Rd1 Ra7 24. Bb3 Kg7 25. a4 c4 26. Bxc4 Rxa4 27. Qc2 Ra3 28. Bb3
Bd7 29. Rc1 Qe8 30. Qc4 Ra8 31. Qd5 Rc8 32. Rxc8 Qxc8 33. Nd3 Ba1 34. Qxd6 Bxb5
35. Qe7+ Kh6 36. Qh4+ Kg7 37. Qe7+ Kh6 38. Nf4 Qc1+ 39. Kg2 Qc6+ 40. Bd5 Qd7 41.
Qxd7 Bxd7 42. Bxb7 Be5 43. e3 Kg7 44. h4 Kf6 45. Ne2 Bb5 46. Nd4 Bc4 47. Bf3 Be6
48. Ne2 h6 49. Kh3 Bc4 50. g4 fxg4+ 51. Bxg4 Bxe2 52. Bxe2 1/2-1/2

[Event "Kazakhstan Chess Cup 2023"]
[Site "Astana KAZ"]
[Date "2023.04.29"]
[Round "8.5"]
[White "Rasulov, Vugar"]
[Black "Ter-Sahakyan, Samvel"]
[Result "1/2-1/2"]
[WhiteTitle "GM"]
[BlackTitle "GM"]
[WhiteElo "2510"]
[BlackElo "2613"]
[WhiteFideId "13402390"]
[BlackFideId "13302531"]
[EventDate "2023.04.23"]

1. e4 c5 2. Nf3 d6 3. d4 cxd4 4. Nxd4 Nf6 5. Nc3 a6 6. Be2 e5 7. Nf3 Be7 8. Bg5
Nbd7 9. a4 h6 10. Be3 Ng4 11. Bc1 Ngf6 12. Be3 Ng4 13. Bc1 Ngf6 14. O-O Nc5 15.
Nd2 O-O 16. Re1 Bd7 17. a5 Bc6 18. Bf1 Rc8 19. b4 Ne6 20. Nc4 d5 21. Nxd5 Bxd5
22. exd5 Nxd5 23. Bd2 Bxb4 24. Rxe5 Bxd2 25. Qxd2 Nf6 26. Qe1 Rc6 27. h3 Qc7 28.
Rb1 Rd8 29. Na3 Rd4 30. c4 Rcd6 31. Re3 Nc5 32. Nc2 Rd2 33. Nb4 Qxa5 34. Re5
R2d4 35. Qe3 Qb6 36. Nd5 Qxb1 37. Qxd4 Nfe4 38. f3 Ng3 39. Ne7+ Kh7 40. Qxd6
Qxf1+ 41. Kh2 Qf2 42. Nf5 Nf1+ 43. Kh1 Ne6 44. Rxe6 fxe6 45. Qxe6 Ng3+ 46. Nxg3
Qxg3 47. Qe4+ Kh8 48. f4 Qc3 49. Kh2 Qb4 50. Qe6 a5 51. Qc8+ Kh7 52. Qf5+ Kh8
53. c5 a4 1/2-1/2

[Event "Kazakhstan Chess Cup 2023"]
[Site "Astana KAZ"]
[Date "2023.04.29"]
[Round "8.6"]
[White "Aitbayev, Aslan"]
[Black "Niemann, Hans Moke"]
[Result "0-1"]
[WhiteTitle "IM"]
[BlackTitle "GM"]
[WhiteElo "2427"]
[BlackElo "2706"]
[WhiteFideId "13704613"]
[BlackFideId "2093596"]
[EventDate "2023.04.23"]

1. e4 c5 2. Nf3 Nc6 3. Bb5 e6 4. O-O Nge7 5. Re1 a6 6. Bf1 b6 7. c3 d5 8. d3 h6
9. g3 g5 10. exd5 exd5 11. d4 Bg7 12. dxc5 bxc5 13. Nbd2 c4 14. Bg2 O-O 15. h4
g4 16. Nd4 Nxd4 17. cxd4 Be6 18. Nb1 Qb6 19. Nc3 Bxd4 20. Bxh6 Bxf2+ 21. Kh1
Bxe1 22. Qxe1 Qxb2 23. Rb1 Qc2 24. Rb6 Qf5 25. Bxf8 Rxf8 26. Qe3 Qf6 27. Ne2 Nf5
28. Qf4 d4 29. Qxg4+ Qg7 30. Qxg7+ Kxg7 31. Kh2 d3 32. Nc3 Nd4 33. a4 Ne2 34.
Nxe2 dxe2 35. Rb1 Rd8 36. Re1 Rd2 37. Kg1 c3 38. Kf2 c2 39. Be4 c1=Q 0-1

[Event "Kazakhstan Chess Cup 2023"]
[Site "Astana KAZ"]
[Date "2023.04.29"]
[Round "8.7"]
[White "Rakhmanov, Aleksandr"]
[Black "Zhalmakhanov, Ramazan"]
[Result "1-0"]
[WhiteTitle "GM"]
[BlackTitle "IM"]
[WhiteElo "2632"]
[BlackElo "2425"]
[WhiteFideId "4173708"]
[BlackFideId "13706357"]
[EventDate "2023.04.23"]

1. d4 Nf6 2. c4 e6 3. Nc3 Bb4 4. e3 O-O 5. Bd3 d5 6. a3 Bxc3+ 7. bxc3 dxc4 8.
Bxc4 c5 9. Nf3 Qc7 10. Be2 Nc6 11. Bb2 Rd8 12. Qc2 Na5 13. c4 cxd4 14. exd4 b6
15. O-O Bb7 16. Ne5 Rac8 17. Rac1 Nd7 18. Ng4 f5 19. Ne3 f4 20. Ng4 f3 21. Bxf3
Bxf3 22. gxf3 Nxc4 23. Qe2 Qc6 24. Ne3 b5 25. a4 a6 26. axb5 axb5 27. Nxc4 bxc4
28. Ba3 Qd5 29. Rfd1 Ra8 30. Bc5 Ra4 31. Re1 Re8 32. Rc3 Nf6 33. Re3 Qc6 34. Re5
Kf7 35. f4 g6 36. h3 c3 37. Kh2 Raa8 38. h4 h5 39. Kg3 Rad8 40. Qd3 Rd5 41. Qf3
Qa8 42. R5e3 c2 43. Rc1 Ng8 44. Ra3 Qd8 45. Rxc2 Nh6 46. Ra7+ Kg8 47. Rb2 Nf5+
48. Kh2 Qxh4+ 49. Kg1 Qf6 50. Rbb7 Red8 51. Rc7 Nxd4 52. Bxd4 Rxd4 53. Qb7 Rxf4
54. Rg7+ Kf8 55. Rd7 Re8 56. Qb6 Rg4+ 57. Kf1 Rc4 58. Qe3 Rf4 59. Rh7 g5 60.
Qc5+ Kg8 61. Rag7+ Qxg7 62. Rxg7+ Kxg7 63. Qxg5+ 1-0

[Event "Kazakhstan Chess Cup 2023"]
[Site "Astana KAZ"]
[Date "2023.04.29"]
[Round "8.8"]
[White "Gareyev, Timur"]
[Black "Radzhabov, Rodion"]
[Result "1/2-1/2"]
[WhiteTitle "GM"]
[BlackTitle "FM"]
[WhiteElo "2602"]
[BlackElo "2308"]
[WhiteFideId "14200937"]
[BlackFideId "884715"]
[EventDate "2023.04.23"]

1. d4 Nf6 2. c4 e6 3. Nc3 Bb4 4. Qc2 c5 5. dxc5 O-O 6. a3 Bxc5 7. Nf3 d5 8. Bg5
Be7 9. e3 Nc6 10. Be2 dxc4 11. Bxc4 Qa5 12. O-O Ne5 13. Nxe5 Qxe5 14. Bf4 Qc5
15. Ne4 Qc6 16. Nxf6+ Bxf6 17. Rac1 Qb6 18. b4 e5 19. Bg3 Be6 20. Bxe6 Qxe6 21.
Qc7 h5 22. h4 Rab8 23. Rfd1 Rfc8 24. Qa5 a6 25. b5 Rxc1 26. Rxc1 Rc8 27. Rxc8+
Qxc8 28. bxa6 bxa6 29. Qb4 Qg4 30. Qd6 Qc4 31. Qd1 Bxh4 32. Bxe5 Be7 33. a4 Qe4
34. Bc3 Qc4 35. Bb2 Bf8 36. Be5 Qe4 37. Bd4 Qc6 38. Be5 Qe4 39. Bf4 Be7 40. Qd7
Kh7 41. Kh2 Kg6 42. f3 Qe6 43. Qd3+ f5 44. g4 hxg4 45. fxg4 a5 46. Kg3 Bf6 47.
Kf3 Qc6+ 48. Kg3 Qe6 49. Kf2 Be5 50. Kf3 Qc6+ 51. Kg3 Bxf4+ 52. exf4 Qc5 53.
gxf5+ Qxf5 54. Qa6+ Kh7 55. Qb5 Qxb5 56. axb5 a4 57. b6 1/2-1/2

[Event "Kazakhstan Chess Cup 2023"]
[Site "Astana KAZ"]
[Date "2023.04.29"]
[Round "8.9"]
[White "Matinian, Nikita"]
[Black "Sivuk, Vitaly"]
[Result "1-0"]
[WhiteTitle "GM"]
[BlackTitle "GM"]
[WhiteElo "2407"]
[BlackElo "2533"]
[WhiteFideId "24129100"]
[BlackFideId "14116502"]
[EventDate "2023.04.23"]

1. e4 c6 2. d4 d5 3. e5 Bf5 4. Nf3 e6 5. Be2 Nd7 6. O-O a5 7. a4 f6 8. c4 fxe5
9. dxe5 Bc5 10. Nd4 Ne7 11. g4 Bxd4 12. Qxd4 Bg6 13. Nc3 O-O 14. f4 c5 15. Qd1
d4 16. Nb5 Be4 17. Ra3 g5 18. Nd6 Bc6 19. Bd3 Ng6 20. Bxg6 hxg6 21. Rh3 Qe7 22.
Qc2 Qg7 23. Ne4 gxf4 24. Bxf4 Nxe5 25. Ng5 d3 26. Qc3 Nf3+ 27. Rfxf3 Qxc3 28.
bxc3 d2 29. Bxd2 Bxf3 30. Nxf3 Rad8 31. Bh6 Rd1+ 32. Kg2 Rfd8 33. Bf4 R8d7 34.
Rh6 Rh7 35. Rxg6+ Rg7 36. Rxg7+ Kxg7 37. Be5+ Kg8 38. h4 Ra1 39. h5 Rxa4 40. Ng5
Ra2+ 41. Kg3 Re2 42. Bf6 Re3+ 43. Kf2 Rd3 44. h6 Rd7 45. h7+ Rxh7 46. Nxh7 a4
47. Bg5 a3 48. Bc1 a2 49. Bb2 Kxh7 50. Kf3 Kg6 51. Kf4 b6 52. Ba1 Kf6 53. g5+
Kg6 54. Kg4 e5 55. Bb2 e4 56. Kf4 e3 57. Kxe3 Kxg5 58. Kd3 Kf4 59. Kc2 Ke3 60.
Kb3 Kd3 61. Ba1 Kd2 62. Kxa2 Kc2 63. Bb2 Kd3 64. Kb3 Kd2 65. Ba3 Kd1 66. Ka4 Kc2
67. Kb5 Kxc3 68. Bxc5 bxc5 69. Kxc5 1-0

[Event "Kazakhstan Chess Cup 2023"]
[Site "Astana KAZ"]
[Date "2023.04.29"]
[Round "8.10"]
[White "Suleimen, Ergali"]
[Black "Nikitenko, Mihail"]
[Result "0-1"]
[WhiteTitle "FM"]
[BlackTitle "GM"]
[WhiteElo "2398"]
[BlackElo "2522"]
[WhiteFideId "13724452"]
[BlackFideId "13506862"]
[EventDate "2023.04.23"]

1. e4 c5 2. Nf3 e6 3. d4 cxd4 4. Nxd4 Nc6 5. Nc3 Qc7 6. Be3 a6 7. a3 b5 8. Nxc6
Qxc6 9. h4 Bb7 10. h5 h6 11. Qd2 Nf6 12. e5 Ng4 13. Bd4 d6 14. exd6 e5 15. Qe2
Bxd6 16. Qxg4 exd4 17. Qxd4 O-O 18. O-O-O Bc5 19. Qe5 Bxf2 20. Kb1 Rfe8 21. Qf5
Qc5 22. Bd3 Qxf5 23. Bxf5 Re5 24. Bg4 Rae8 25. Bf3 Bxf3 26. gxf3 Rf5 27. Rd6 a5
28. Ra6 a4 29. Ra5 Ree5 30. f4 Rxh5 31. Rxh5 Rxh5 32. Nxb5 Rf5 33. c4 h5 34.
Rxa4 h4 35. Ra8+ Kh7 36. Rd8 Rxf4 37. Rd1 g5 38. Nc3 g4 39. b4 g3 40. c5 g2 41.
Ne2 Re4 42. c6 Rxe2 43. c7 Re8 0-1

[Event "Kazakhstan Chess Cup 2023"]
[Site "Astana KAZ"]
[Date "2023.04.29"]
[Round "8.11"]
[White "Makhnev, Denis"]
[Black "Arestanov, Timur"]
[Result "1-0"]
[WhiteTitle "GM"]
[BlackTitle "FM"]
[WhiteElo "2483"]
[BlackElo "2183"]
[WhiteFideId "13707647"]
[BlackFideId "13701304"]
[EventDate "2023.04.23"]

1. d4 d5 2. Nf3 Nf6 3. c4 dxc4 4. e3 e6 5. Bxc4 a6 6. O-O b5 7. Bd3 Bb7 8. a4 b4
9. Qe2 c5 10. e4 cxd4 11. Nbd2 Nc6 12. e5 Nd7 13. Nb3 Nc5 14. Bg5 Qd7 15. Nxc5
Bxc5 16. Nd2 Be7 17. Bf4 Na5 18. Qg4 g5 19. Bxg5 Rg8 20. f4 h6 21. h4 O-O-O 22.
Qe2 hxg5 23. fxg5 Rh8 24. Rf4 Kb8 25. Raf1 Rdf8 26. Qe1 Qd5 27. Qe2 Nc6 28. Nc4
Nd8 29. Nb6 Qc6 30. a5 Ka7 31. Qf2 Qc7 32. Be4 Rfg8 33. Bxb7 Kxb7 34. Rxd4 Qc5
35. Rd7+ Kb8 36. Rxe7 Qxe7 37. Rd1 Qb7 38. Nd7+ Ka8 39. Nb6+ Kb8 40. g3 Rxg5 41.
Nd7+ Ka8 42. Nb6+ Kb8 43. Nd7+ Kc7 44. Nf6 Rf5 45. Rd7+ Kc8 46. Qc5+ Kb8 47.
Qd6+ Ka7 48. Qb6+ Kb8 49. Rxb7+ Nxb7 50. Nd7+ Kc8 51. Qc6+ 1-0

[Event "Kazakhstan Chess Cup 2023"]
[Site "Astana KAZ"]
[Date "2023.04.29"]
[Round "8.12"]
[White "Isanzhulov, Arystan"]
[Black "Urazayev, Arystanbek"]
[Result "1-0"]
[WhiteTitle "FM"]
[BlackTitle "IM"]
[WhiteElo "2320"]
[BlackElo "2460"]
[WhiteFideId "13711644"]
[BlackFideId "13709810"]
[EventDate "2023.04.23"]

1. e4 c5 2. d4 cxd4 3. Qxd4 Nc6 4. Qd3 Nf6 5. Nc3 d6 6. Nf3 Bg4 7. h3 Bxf3 8.
Qxf3 g6 9. Nd5 Bg7 10. Nxf6+ Bxf6 11. c3 O-O 12. Be2 a6 13. h4 Qa5 14. h5 Nd4
15. Qh3 Nc2+ 16. Kd1 Nxa1 17. hxg6 h5 18. Bxh5 Qa4+ 19. Ke1 Qxe4+ 20. Be2 Nc2+
21. Kd2 Bg5+ 22. Kd1 Ne3+ 23. Bxe3 Kg7 24. Qh7+ Kf6 25. Bxg5+ Kxg5 26. Qh6+ Kf5
27. g7 Qb1+ 28. Kd2 Qxb2+ 29. Kd3 1-0

[Event "Kazakhstan Chess Cup 2023"]
[Site "Astana KAZ"]
[Date "2023.04.29"]
[Round "8.13"]
[White "Utegaliyev, Azamat"]
[Black "Kassimov, Baurzhan"]
[Result "1/2-1/2"]
[BlackTitle "IM"]
[WhiteElo "2446"]
[BlackElo "2285"]
[WhiteFideId "13702467"]
[BlackFideId "13704800"]
[EventDate "2023.04.23"]

1. e4 e5 2. Nf3 Nc6 3. Bb5 Nf6 4. d3 d6 5. O-O Bd7 6. c4 g6 7. Nc3 Bg7 8. h3 O-O
9. Be3 h6 10. Rc1 a6 11. Ba4 Be6 12. c5 d5 13. Bxc6 bxc6 14. Nxe5 dxe4 15. dxe4
Qxd1 16. Rfxd1 Nxe4 17. Nxc6 Nxc3 18. bxc3 Bxa2 19. Rd7 a5 20. Rxc7 a4 21. Bd4
Bc4 22. Ra1 a3 23. Rd7 Rfe8 24. Nb4 a2 25. c6 Rec8 26. f3 Kh7 27. Bxg7 Kxg7 28.
Rd4 Bb3 29. Kf2 Re8 30. Rd2 Re5 31. Re2 Rc5 32. Re3 Be6 33. Ke1 Rd8 34. Nc2 Rb5
35. Nb4 Rd6 36. Re2 Rc5 37. Rd2 Re5+ 38. Re2 Rg5 39. h4 Rc5 40. Rd2 Re5+ 41. Re2
Rc5 42. Rd2 Re5+ 1/2-1/2

[Event "Kazakhstan Chess Cup 2023"]
[Site "Astana KAZ"]
[Date "2023.04.29"]
[Round "8.14"]
[White "Zhukenov, Aituar"]
[Black "Madaminov, Mukhiddin"]
[Result "0-1"]
[BlackTitle "IM"]
[WhiteElo "2178"]
[BlackElo "2436"]
[WhiteFideId "13719513"]
[BlackFideId "14210703"]
[EventDate "2023.04.23"]

1. c4 g6 2. Nc3 c5 3. Nf3 Bg7 4. e3 Nf6 5. d4 cxd4 6. exd4 d5 7. cxd5 Nxd5 8.
Bc4 Nb6 9. Bb3 O-O 10. Be3 Nc6 11. d5 Na5 12. O-O Bg4 13. h3 Bxf3 14. Qxf3 Nac4
15. Rfe1 Nxe3 16. Rxe3 a5 17. a4 Bxc3 18. Rxc3 Qd6 19. Rac1 Rfc8 20. h4 h5 21.
g4 Rxc3 22. Rxc3 hxg4 23. Qxg4 Nd7 24. h5 Nf6 25. Qg3 Qxg3+ 26. fxg3 Nxh5 27. d6
exd6 28. Rf3 Rf8 29. g4 Ng7 30. Rf6 Ne6 31. Bxe6 Kg7 32. g5 fxe6 33. Rxe6 Rf5
34. Rxd6 Rxg5+ 35. Kf2 b5 36. axb5 Rxb5 37. Rd2 Kf6 38. Kf3 Kf5 39. Ke3 g5 40.
Kf3 a4 41. Kg2 Rb4 42. Kg3 Rb3+ 43. Kg2 Ke4 44. Rc2 Kd3 45. Rf2 Rb4 46. Kg3 Rf4
47. Rh2 Kc4 48. Rh5 Rf5 49. Kg4 Rb5 50. Rh2 Kb3 51. Rd2 Rc5 52. Kh5 Rc2 53. Rd8
Rxb2 54. Kxg5 a3 0-1

[Event "Kazakhstan Chess Cup 2023"]
[Site "Astana KAZ"]
[Date "2023.04.29"]
[Round "8.15"]
[White "Kozganbay, Erkin"]
[Black "Suleymenov, Alisher"]
[Result "1/2-1/2"]
[BlackTitle "IM"]
[WhiteElo "2316"]
[BlackElo "2434"]
[WhiteFideId "13703773"]
[BlackFideId "13707833"]
[EventDate "2023.04.23"]

1. Nf3 Nf6 2. c4 c5 3. Nc3 d5 4. cxd5 Nxd5 5. g3 Nc6 6. Bg2 g6 7. Nxd5 Qxd5 8.
O-O Bg7 9. d3 O-O 10. Be3 Bd7 11. Nd4 Qd6 12. Nxc6 Bxc6 13. Bxc6 Qxc6 14. Rc1
Qe6 15. Rxc5 Qxa2 16. Rb5 b6 17. Qb3 Qxb3 18. Rxb3 Rfc8 19. Ra1 f5 20. Kf1 Kf7
21. Ra2 Be5 22. Rba3 Bd6 23. Rxa7 Rxa7 24. Rxa7 b5 25. b4 Ke6 26. Rb7 Rb8 27.
Rxb8 Bxb8 28. Bc5 g5 29. e3 g4 30. f4 gxf3 31. Kf2 Be5 32. Kxf3 h5 33. e4 Bf6
34. Kf4 fxe4 35. Kxe4 Bg5 36. Be3 Bf6 37. d4 Kd6 38. Bf4+ Kc6 39. h4 e6 40. g4
hxg4 41. h5 Kd7 42. d5 exd5+ 43. Kxd5 Ke7 44. Ke4 Kd7 1/2-1/2

[Event "Kazakhstan Chess Cup 2023"]
[Site "Astana KAZ"]
[Date "2023.04.30"]
[Round "9.1"]
[White "Sargsyan, Shant"]
[Black "Ansat, Aldiyar"]
[Result "1/2-1/2"]
[WhiteTitle "GM"]
[BlackTitle "IM"]
[WhiteElo "2630"]
[BlackElo "2317"]
[WhiteFideId "13306766"]
[BlackFideId "13715658"]
[EventDate "2023.04.23"]

1. Nf3 Nf6 2. c4 c5 3. Nc3 d5 4. cxd5 Nxd5 5. d4 Nxc3 6. bxc3 g6 7. e3 Bg7 8.
Bb5+ Bd7 9. Be2 O-O 10. O-O Qc7 11. e4 cxd4 12. cxd4 Bg4 13. Be3 Rd8 14. Rc1 Nc6
15. d5 Qb8 16. Qc2 Nb4 17. Qd2 Bxf3 18. Bxf3 Nc6 19. Rfd1 e6 20. g3 exd5 21.
exd5 Ne5 22. Bg2 Qd6 23. Bc5 Qd7 24. h3 b5 25. d6 Rac8 26. Qa5 Nc4 27. Qxa7 Qxa7
28. Bxa7 Rxd6 29. Rxd6 Nxd6 30. Rc6 Bf8 31. Bc5 Rd8 32. Rb6 Nc4 33. Rxb5 Na3 34.
Bxa3 Rd1+ 35. Bf1 Bxa3 36. Kg2 Rc1 37. Bd3 Rc7 38. Rb3 Ra7 39. Bc4 Kg7 40. Rf3
Bb4 41. Bb3 h5 42. a4 Ba5 43. Rd3 Bb4 44. Rd5 Bc3 45. Rb5 Bd2 46. Kf3 Bc3 47. g4
hxg4+ 48. hxg4 Be1 49. Re5 Bc3 50. Re3 Bd2 51. Rd3 Be1 52. Rd4 Bc3 53. Rc4 Be1
54. Bc2 Rb7 55. Ke2 Ba5 56. Rc5 Bb4 57. Rd5 Kf6 58. Bd3 Ra7 59. Bb5 Ke6 60. Rd4
Ba5 61. Kd3 Rc7 62. Bc4+ Ke7 63. Re4+ Kd6 64. f4 Bb6 65. Re5 Ra7 66. Bb3 Bf2 67.
a5 Bg3 68. Rd5+ Ke7 69. Bc4 Bxf4 70. a6 Bg3 71. Ke4 Bf2 72. Rd2 Bg1 73. Rd1 Bc5
74. Rf1 Kf8 75. Kd5 Be3 76. Kc6 Kg7 77. Re1 Bd4 78. Re8 Kf6 79. Re4 Bg1 80. Re1
Bd4 81. Kb5 Rc7 1/2-1/2

[Event "Kazakhstan Chess Cup 2023"]
[Site "Astana KAZ"]
[Date "2023.04.30"]
[Round "9.2"]
[White "Moiseenko, Alexander"]
[Black "Daneshvar, Bardiya"]
[Result "1/2-1/2"]
[WhiteTitle "GM"]
[BlackTitle "IM"]
[WhiteElo "2573"]
[BlackElo "2540"]
[WhiteFideId "14102560"]
[BlackFideId "12576468"]
[EventDate "2023.04.23"]

1. d4 Nf6 2. c4 e6 3. Nc3 Bb4 4. Nf3 d5 5. Bg5 h6 6. Bxf6 Qxf6 7. e3 O-O 8. Rc1
dxc4 9. Bxc4 c5 10. O-O cxd4 11. Ne4 Qe7 12. Nxd4 Bd7 13. Be2 Nc6 14. a3 Nxd4
15. Qxd4 Ba5 16. Qc5 Bd8 17. Qxe7 Bxe7 18. Rc7 Rfd8 19. Rxb7 1/2-1/2

[Event "Kazakhstan Chess Cup 2023"]
[Site "Astana KAZ"]
[Date "2023.04.30"]
[Round "9.3"]
[White "Nabaty, Tamir"]
[Black "Goganov, Aleksey"]
[Result "1/2-1/2"]
[WhiteTitle "GM"]
[BlackTitle "GM"]
[WhiteElo "2645"]
[BlackElo "2525"]
[WhiteFideId "2809052"]
[BlackFideId "24109959"]
[EventDate "2023.04.23"]

1. d4 d5 2. c4 c6 3. Nf3 Nf6 4. Nc3 e6 5. e3 Nbd7 6. Qc2 Bd6 7. Bd3 O-O 8. O-O
dxc4 9. Bxc4 a6 10. Bd2 c5 11. dxc5 Bxc5 12. a4 Qe7 13. e4 Bd6 14. Rad1 Ne5 15.
Nxe5 Bxe5 16. Ne2 Bd7 17. f4 Bd6 18. Kh1 Bc5 19. Rf3 Bc6 20. Bd3 Rad8 21. Nc3
Ng4 22. Rdf1 Qh4 23. h3 Nf2+ 24. Kh2 Nxd3 25. Rxd3 Rxd3 26. Qxd3 Rd8 27. Qe2 h6
28. Rf3 Qe7 29. Be3 Bxe3 30. Qxe3 Qb4 31. f5 exf5 32. Rxf5 Qxb2 33. Nd5 Bxd5 34.
exd5 Qb4 35. a5 Qd6+ 36. Kg1 Rc8 37. Re5 Kf8 38. Qf4 Rd8 39. Qe4 Qc5+ 40. Kh1 g6
41. Qh4 Kg7 1/2-1/2

[Event "Kazakhstan Chess Cup 2023"]
[Site "Astana KAZ"]
[Date "2023.04.30"]
[Round "9.4"]
[White "Niemann, Hans Moke"]
[Black "Makhnev, Denis"]
[Result "1-0"]
[WhiteTitle "GM"]
[BlackTitle "GM"]
[WhiteElo "2706"]
[BlackElo "2483"]
[WhiteFideId "2093596"]
[BlackFideId "13707647"]
[EventDate "2023.04.23"]

1. d4 Nf6 2. c4 e6 3. Nf3 d5 4. g3 Bb4+ 5. Bd2 a5 6. Qc1 Be7 7. Bg2 c6 8. O-O
Nbd7 9. Rd1 O-O 10. Bf4 h6 11. Qc2 b6 12. Nbd2 Ba6 13. Rac1 g5 14. Be3 Ng4 15.
Qb3 b5 16. c5 b4 17. Re1 Nxe3 18. Qxe3 g4 19. Qxh6 gxf3 20. Nxf3 Bf6 21. e4 Bg7
22. Qd2 Nf6 23. exd5 exd5 24. Ne5 Qc7 25. Re3 Nd7 26. Ng4 f5 27. Ne5 Nxe5 28.
dxe5 f4 29. gxf4 Rae8 30. Rf3 Qf7 31. Kh1 Bc8 32. Rg1 Re7 33. Bf1 Qh5 34. Rfg3
Qh4 35. Rf3 Bg4 36. Rfg3 Be6 37. Rf3 d4 38. Qxd4 Rd7 39. Qe4 Qh7 40. Qxc6 Qf5
41. Bh3 Bd5 42. Qxd5+ Rxd5 43. Bxf5 Rxf5 44. e6 Rxc5 45. e7 Rc8 46. Rd3 1-0

[Event "Kazakhstan Chess Cup 2023"]
[Site "Astana KAZ"]
[Date "2023.04.30"]
[Round "9.5"]
[White "Nikitenko, Mihail"]
[Black "Rakhmanov, Aleksandr"]
[Result "1-0"]
[WhiteTitle "GM"]
[BlackTitle "GM"]
[WhiteElo "2522"]
[BlackElo "2632"]
[WhiteFideId "13506862"]
[BlackFideId "4173708"]
[EventDate "2023.04.23"]

1. e4 d5 2. exd5 c6 3. dxc6 Nxc6 4. Nf3 e5 5. Nc3 Bc5 6. Bb5 Ne7 7. Nxe5 Bxf2+
8. Kxf2 Qd4+ 9. Kf1 Qxe5 10. Qe2 Qd6 11. Ne4 Qg6 12. Bxc6+ Nxc6 13. Ng5+ Be6 14.
d3 O-O 15. Qf2 Rac8 16. a3 Rfd8 17. Nf3 Rd5 18. Bd2 Ne5 19. Bc3 Ng4 20. Qxa7 Rf5
21. Re1 Bd5 22. Ke2 Qh6 23. h3 Nf6 24. Rhf1 Nh5 25. Kd1 Qd6 26. Qd4 f6 27. Nd2
Rf4 28. Ne4 Qc6 29. Rxf4 Nxf4 30. g3 Nxh3 31. Kc1 h6 32. Nxf6+ gxf6 33. Qh4 Re8
34. Qxh3 Rxe1+ 35. Bxe1 Qe8 36. Qg4+ Kh7 37. Bd2 Qe5 38. c4 Be6 39. Qf4 Bf5 40.
Kc2 h5 41. Qxe5 fxe5 42. b4 Kg6 43. b5 Kf7 44. Kc3 Ke6 45. a4 Bh3 46. Bh6 Bg2
47. Bg7 Kd6 48. a5 Bf3 49. Kb4 Be2 50. Kc3 Bf3 51. Bf8+ Kd7 52. Bc5 Be2 53. Ba7
Bf1 54. Bb8 Ke6 55. Bc7 Bg2 56. c5 e4 57. dxe4 Kd7 58. Bf4 Bxe4 59. c6+ Kc8 60.
cxb7+ Kxb7 61. Kb4 Bd3 62. a6+ Kb6 63. Be3+ Kc7 64. Ka5 Kd7 65. Bf4 Be2 66. b6 1-0

[Event "Kazakhstan Chess Cup 2023"]
[Site "Astana KAZ"]
[Date "2023.04.30"]
[Round "9.6"]
[White "Ter-Sahakyan, Samvel"]
[Black "Matinian, Nikita"]
[Result "1/2-1/2"]
[WhiteTitle "GM"]
[BlackTitle "GM"]
[WhiteElo "2613"]
[BlackElo "2407"]
[WhiteFideId "13302531"]
[BlackFideId "24129100"]
[EventDate "2023.04.23"]

1. e4 c5 2. Nf3 e6 3. d4 cxd4 4. Nxd4 Nc6 5. Nc3 Nf6 6. Nxc6 bxc6 7. e5 Nd5 8.
Ne4 Bb7 9. c4 Nb4 10. c5 Qb8 11. f4 Ba6 12. a3 Bxf1 13. Rxf1 Nd5 14. Rf3 Be7 15.
Qc2 a5 16. Bd2 a4 17. O-O-O Qb5 18. f5 exf5 19. Rxf5 Rb8 20. Rf3 O-O 21. Rh3 g6
22. Bh6 Rfe8 23. Rf3 Bf8 24. Bxf8 Rxf8 25. Rd4 Qa5 26. Qxa4 Qxa4 27. Rxa4 Rfe8
28. Rd4 Rxe5 29. b4 Ra8 30. Nc3 Ne3 31. Kb2 Nxg2 32. Rxd7 f5 33. Kb3 Ne3 34. a4
g5 35. Rh3 f4 36. Rdxh7 g4 37. Rh8+ Kg7 38. R3h7+ Kg6 39. Rh6+ Kg7 40. R8h7+ Kg8
41. Rd7 f3 42. Rg6+ Kh8 43. Rh6+ Kg8 44. Rg6+ Kh8 45. Rh6+ Kg8 46. Rd2 Rf8 1/2-1/2